Culture Générale - Série 1440 - Statistiques

Statistiques générales
  • Ce quiz a été pris 378 fois
  • Le résultat moyen est 7 sur 10
Statistiques - réponses
Question Réponse % Correct
Le lac Léman est une frontière naturelle entre France et... Suisse
99%
Lorsqu'une petite table est placée près de la tête du lit, elle devient une table de... chevet
95%
A la présidence de quel pays, Raúl a-t-il officiellement succédé à son frère Fidel, le 24 février 2008 ? Cuba
90%
En 1956, quel rocker surnommé "The King", chantait les tubes : "Hound Dog" et "Don't Be Cruel" ? Elvis Presley
87%
A quel pays appartient l'île de Kós ? Grèce
80%
Selon le proverbe, dans quel domaine est-on "heureux" si on est malheureux en amour ? au jeu
71%
En 1980, dans quel roman d'Umberto Eco un moine enquête-t-il sur les meurtres commis dans une abbaye bénédictine ? Le Nom de la rose
59%
Quel était le nom de la compagne du criminel des années 30, Clyde Barrow ? Bonnie Parker
56%
Dans quelle ville pourrez-vous découvrir la majorité des sépultures des rois de France ? Saint-Denis
47%
On appelle également la région de France, Champagne pouilleuse : Champagne ... crayeuse
11%
Aucun quiz correspondant
Distribution des résultats
% des personnes avec chaque résultat
Percentile par nombre de réponses
Votre historique - résultats
Vous n’avez pas pris ce quiz